banner koha

Suplementacao de acido ascorbico, acido acetil-salicilico e bicarbonato de sodio em racoes de frangos de corte criados sob condicoes de diferentes temperaturas ambiente (Registro n. 117683)

MARC details
000 -LÍDER
campo de controle de tamanho fixo 01149nas a2200301 4500
001 - NÚMERO DE CONTROLE
campo de controle BR8600546
003 - IDENTIFICADOR DO NÚMERO DE CONTROLE
campo de controle BR-BrBNA
005 - DATA E HORÁRIO DA ÚLTIMA TRANSAÇÃO
campo de controle 20231205090331.0
007 - CAMPO FIXO DE DESCRIÇÃO FÍSICA--INFORMAÇÃO GERAL
campo de controle de tamanho fixo ta
008 - CAMPO DE DADOS FIXOS--INFORMAÇÃO GERAL
campo de controle de tamanho fixo 230509b bl.|||p| |||| 00| 00por d
040 ## - FONTE DA CATALOGAÇÃO
Instituição da catalogação original BR-BrBNA
Idioma da catalogação por
Instituição que transcreveu o registro Biblioteca Nacional de Agricultura
041 ## - CÓDIGO DE IDIOMA
Código do idioma do texto/trilha sonora ou título diferente (Pt)
072 ## - CÓDIGO DE CATEGORIA DE ASSUNTO
Código de Categoria de Assunto L02
100 1# - ENTRADA PRINCIPAL--NOME PESSOAL
Nome pessoal Resende, J. de A.A.
100 1# - ENTRADA PRINCIPAL--NOME PESSOAL
Nome pessoal Rostagno, H.S.
100 1# - ENTRADA PRINCIPAL--NOME PESSOAL
Nome pessoal Costa, P.M.A.
100 1# - ENTRADA PRINCIPAL--NOME PESSOAL
Nome pessoal Vieira, D.
100 1# - ENTRADA PRINCIPAL--NOME PESSOAL
Nome pessoal Fonseca, J.B.
245 1# - TÍTULO
Título Suplementacao de acido ascorbico, acido acetil-salicilico e bicarbonato de sodio em racoes de frangos de corte criados sob condicoes de diferentes temperaturas ambiente
246 1# - FORMA VARIANTE DO TÍTULO
Título/título abreviado [Dietary supplementation of ascorbic acid, acetyl salicylic acid and sodium bicarbonate in feeds for broilers bred under different conditions of environmental temperatures]
650 ## - ASSUNTO--TERMO TÓPICO
Cabeçalho tópico ou nome geográfico FRANGO DE CORTE
650 ## - ASSUNTO--TERMO TÓPICO
Cabeçalho tópico ou nome geográfico RACAO
650 ## - ASSUNTO--TERMO TÓPICO
Cabeçalho tópico ou nome geográfico VITAMINA C
650 ## - ASSUNTO--TERMO TÓPICO
Cabeçalho tópico ou nome geográfico SUPLEMENTO ALIMENTAR
773 0# - ENTRADA ANALÍTICA
Título Revista da Sociedade Brasileira de Zootecnia (Brazil)
ISSN - International Standard Serial Number ISSN 0100-4859
Partes relacionadas (1985), v. 14(2) p. 196-204
Número de controle do registro BR8600546
909 ## -
-- 202311
-- Lúcia
-- 55
-- Lúcia Elande
942 ## - ELEMENTOS DE ENTRADA ADICIONADOS (KOHA)
Fonte da classificação ou esquema de arquivamento na estante Classificação AGRIS
Ocultar no OPAC Não
Tipo de material Koha Analítica
Exemplares
Situação do descarte Fonte da classificação ou esquema de arquivamento na estante Situação física Não pode ser emprestado Biblioteca de origem Biblioteca atual Localização na estante Enumeração do periódico / cronologia Total de empréstimos Data de último acesso Número do exemplar Tipo de material Koha Fonte de aquisição
  Classificação AGRIS   Consulta local Biblioteca Nacional de Agricultura - Binagri Biblioteca Nacional de Agricultura - Binagri   (1985), v. 14(2) p. 196-204   29/11/2023 01 Periódicos Portaria Interministerial nº 164/94

BINAGRI

Telefone: (61)3218-2567/2388/3357/2097 - binagri@agro.gov.br

Ministério da Agricultura e Pecuária , Esplanada dos Ministérios, Bloco D, Anexo B, Brasília/DF, CEP: 70.043-900